000 00630nam a2200181Ia 4500
005 20260429112249.0
008 260429s9999||||xx |||||||||||||| ||und||
020 _a9789382981380
041 _aHindi
082 _a155.25
_bSHU
100 _aशुक्ल, धीरेंद्र
245 0 _aव्यक्तित्व विकास के 66 द्वार /
_cधीरेंद्र शुक्ल
250 _a0
260 _aनई दिल्ली :
_bपुस्तक प्रतिष्ठान,
_c2023.
300 _avi, 304 p.; Hb
650 _aमानसिक चेतन
942 _cTB
999 _c53197
_d53197